| 000 | 00429nam a2200169Ia 4500 | ||
|---|---|---|---|
| 008 | 221030s9999 xx 000 0 und d | ||
| 020 | _a81201311760 | ||
| 041 | _aEnglish | ||
| 082 |
_a105.23 _bBoy |
||
| 100 | _aR. L. Boylestad | ||
| 245 | 0 |
_aElectronic Devices & Circuit Theory _cby R. L. Boylestad, L. Nashelsky |
|
| 260 |
_bPHI _aNew Delhi _c2001 |
||
| 300 | _a941 | ||
| 650 | _aECE | ||
| 700 | _aL. Nashelsky | ||
| 942 | _cBK | ||
| 999 |
_c2662 _d2662 |
||